[Event "Landesliga Sued U20 1819"]
[Site "Bayern"]
[Date "2018.11.17"]
[Round "1.1"]
[White "Kling, Maximilian"]
[Black "Weisheit, Erik"]
[Result "0-1"]
[WhiteElo "1814"]
[BlackElo "1899"]
[PlyCount "52"]
[EventDate "2018.11.17"]
[EventType "team-tourn"]
[EventRounds "7"]
[EventCountry "GER"]
[SourceTitle "EXT 2022"]
[Source "ChessBase"]
[SourceDate "2021.10.06"]
[SourceVersion "1"]
[SourceVersionDate "2021.10.06"]
[SourceQuality "1"]
[WhiteTeam "Kriegshaber SK U20"]
[BlackTeam "Augsburg SF U20 II"]
[WhiteTeamCountry "GER"]
[BlackTeamCountry "GER"]

1. e4 c5 2. Nf3 Nc6 3. Bb5 Na5 4. Qe2 a6 5. Bd3 b5 6. c3 g6 7. 0-0 Bg7 8. Bc2 c4 9. Rd1 Nf6 10. b3 0-0 11. bxc4 bxc4 12. Ba3 Bb7 13. Bb4 Rc8 14. Nd4 Re8 15. Rf1 e5 16. Nf3 d5 17. exd5 Nxd5 18. Be4 Nf4 19. Qe1 Bxe4 20. Qxe4 f5 21. Qc2 Nc6 22. Ba3 e4 23. Ne1 Ne5 24. f3 Ned3 25. Nxd3 exd3 26. g3 dxc2 0-1

[Event "Landesliga U20 Sued 1718"]
[Site "Bayern"]
[Date "2018.01.27"]
[Round "4.2"]
[White "Kling, Maximilian"]
[Black "Moufang, Andreas"]
[Result "1-0"]
[WhiteElo "1756"]
[BlackElo "1402"]
[PlyCount "73"]
[EventDate "2017.11.18"]
[EventType "team-tourn"]
[EventRounds "7"]
[EventCountry "GER"]
[SourceTitle "EXT 2022"]
[Source "ChessBase"]
[SourceDate "2021.10.06"]
[SourceVersion "1"]
[SourceVersionDate "2021.10.06"]
[SourceQuality "1"]
[WhiteTeam "Kriegshaber SK U20"]
[BlackTeam "Haar U20"]
[WhiteTeamCountry "GER"]
[BlackTeamCountry "GER"]

1. e4 b6 2. d4 Bb7 3. Nc3 e6 4. Bd3 Bb4 5. Nge2 Nf6 6. 0-0 0-0 7. Bg5 Be7 8. Bf4 d6 9. Ng3 Nbd7 10. Nce2 c5 11. c3 Rc8 12. Bd2 Rc7 13. f4 Qa8 14. Qb1 Rfc8 15. h3 g6 16. Rf2 h5 17. e5 h4 18. exf6 hxg3 19. Nxg3 Bxf6 20. Bxg6 fxg6 21. Qxg6+ Bg7 22. Qxe6+ Kh7 23. Nh5 Nf8 24. Qxd6 Rc6 25. Qe7 R8c7 26. Qh4 Kg8 27. f5 Rf7 28. d5 Rd6 29. Raf1 Rxd5 30. Nxg7 Rxg7 31. f6 Rh7 32. Qg4+ Kf7 33. Re1 Rd7 34. Qf5 Bc8 35. Qf4 Qd5 36. Re7+ Kg6 37. Qg4+ 1-0

[Event "Berlin Lichtenberger op 15th"]
[Site "Berlin"]
[Date "2016.08.15"]
[Round "3"]
[White "Kling, Maximilian"]
[Black "Moeller, Dustin"]
[Result "0-1"]
[WhiteElo "1804"]
[BlackElo "1985"]
[PlyCount "62"]
[EventDate "2016.08.13"]
[EventType "swiss"]
[EventRounds "9"]
[EventCountry "GER"]
[SourceTitle "CBM 173 Extra"]
[Source "ChessBase"]
[SourceDate "2016.08.29"]
[SourceVersion "1"]
[SourceVersionDate "2016.08.29"]
[SourceQuality "1"]

1. e4 e6 2. d3 d5 3. Nd2 c5 4. g3 Nc6 5. Bg2 g6 6. Ngf3 Bg7 7. 0-0 Nf6 8. Re1 0-0 9. c3 a5 10. Qe2 d4 11. c4 e5 12. Nf1 a4 13. Nh4 Re8 14. h3 Bd7 15. Nh2 b5 16. cxb5 Na5 17. Rf1 Bxb5 18. f4 Nh5 19. Nf5 exf4 20. g4 gxf5 21. gxh5 fxe4 22. Rxf4 Bxd3 23. Qg4 Ra6 24. h6 Rxh6 25. Qf5 Qe7 26. Ng4 Rg6 27. Bd2 Nc4 28. Be1 Rg5 29. Nf6+ Bxf6 30. Qxf6 Qxf6 31. Rxf6 Ne3 0-1

[Event "Landesliga Sued 1516"]
[Site "Bayern"]
[Date "2016.01.17"]
[Round "5.8"]
[White "Bielmeier, Ludwig"]
[Black "Kling, Maximilian"]
[Result "1-0"]
[WhiteElo "2025"]
[BlackElo "1768"]
[PlyCount "69"]
[EventDate "2015.10.11"]
[EventType "team-tourn"]
[EventRounds "9"]
[EventCountry "GER"]
[SourceTitle "EXT 2018"]
[Source "ChessBase"]
[SourceDate "2017.10.13"]
[SourceVersion "1"]
[SourceVersionDate "2017.10.13"]
[SourceQuality "1"]
[WhiteTeam "Deggendorf"]
[BlackTeam "Kriegshaber"]
[WhiteTeamCountry "GER"]
[BlackTeamCountry "GER"]

1. Nf3 Nf6 2. g3 g6 3. Bg2 Bg7 4. c4 0-0 5. 0-0 d6 6. d3 c5 7. Nc3 Nc6 8. Rb1 Rb8 9. a3 Ne8 10. Bd2 a5 11. Nb5 Nc7 12. Bc3 Nxb5 13. cxb5 Nd4 14. Bxd4 Bxd4 15. Nxd4 cxd4 16. Qa4 Qb6 17. b4 Ra8 18. Bd5 Bd7 19. Rfc1 axb4 20. Qxb4 Ra5 21. a4 Rfa8 22. Bb3 Be6 23. Bd1 Bd5 24. Qd2 Re8 25. Qg5 e5 26. Qh6 Raa8 27. Qd2 Qd8 28. Qb4 Qd7 29. f3 h5 30. Qd2 Kg7 31. Rb2 h4 32. g4 Be6 33. Qg5 Rh8 34. Rbc2 Qd8 35. Qd2 1-0

[Event "Berlin Lichtenberger op 14th"]
[Site "Berlin"]
[Date "2015.08.22"]
[Round "8"]
[White "Kling, Maximilian"]
[Black "Brasoy, Aksel"]
[Result "0-1"]
[WhiteElo "1759"]
[BlackElo "1959"]
[PlyCount "118"]
[EventDate "2015.08.15"]
[EventType "swiss"]
[EventRounds "9"]
[EventCountry "GER"]
[SourceTitle "EXT 2016"]
[Source "ChessBase"]
[SourceDate "2015.10.08"]
[SourceVersion "1"]
[SourceVersionDate "2015.10.08"]
[SourceQuality "1"]

1. e4 c5 2. Nf3 e6 3. c3 Nf6 4. d3 d6 5. Nbd2 Nc6 6. g3 Be7 7. Bg2 0-0 8. 0-0 Bd7 9. d4 cxd4 10. cxd4 Qc7 11. a3 a5 12. Re1 Rab8 13. Nf1 Rfc8 14. h4 b5 15. N1h2 e5 16. d5 Nd8 17. Nd2 b4 18. g4 h6 19. Qf3 Nh7 20. Qg3 Rb5 21. Nhf1 a4 22. Ne3 b3 23. Ndf1 Nb7 24. Bd2 Qd8 25. g5 hxg5 26. hxg5 Bxg5 27. Bb4 Bf4 28. Qf3 Nc5 29. Bxc5 Rbxc5 30. Qh5 g6 31. Qe2 Qf6 32. Qa6 Ng5 33. Qa7 R5c7 34. Qa6 Kg7 35. Re2 Rc1 36. Re1 Rxa1 37. Rxa1 Qe7 38. Qd3 Qe8 39. Rd1 Bb5 40. Qb1 Qh8 41. Rc1 Be2 42. Rxc8 Qxc8 43. Qe1 Nf3+ 44. Bxf3 Bxf3 45. Nd2 Bxe3 46. Qxe3 Qc1+ 47. Nf1 Qxe3 48. Nxe3 Bxe4 49. Kf1 Bd3+ 50. Ke1 f5 51. Kd2 Bb5 52. Nd1 g5 53. Nc3 Bd7 54. Ke3 Kh6 55. Kf3 Kh5 56. Kg3 g4 57. Kg2 Kh4 58. Kh2 Kg5 59. Kg2 Kf4 0-1

[Event "Berlin Lichtenberger op 14th"]
[Site "Berlin"]
[Date "2015.08.21"]
[Round "7"]
[White "Sidabras, Jonas"]
[Black "Kling, Maximilian"]
[Result "1-0"]
[WhiteElo "1819"]
[BlackElo "1759"]
[PlyCount "43"]
[EventDate "2015.08.15"]
[EventType "swiss"]
[EventRounds "9"]
[EventCountry "GER"]
[SourceTitle "EXT 2016"]
[Source "ChessBase"]
[SourceDate "2015.10.08"]
[SourceVersion "1"]
[SourceVersionDate "2015.10.08"]
[SourceQuality "1"]

1. d4 Nf6 2. c4 g6 3. Nc3 d5 4. cxd5 Nxd5 5. g3 Nxc3 6. bxc3 c5 7. Bg2 Bg7 8. e3 0-0 9. Ne2 Nc6 10. 0-0 Qa5 11. a4 cxd4 12. cxd4 Rd8 13. Rb1 Qf5 14. Ba3 Qd7 15. Qc2 e5 16. d5 Ne7 17. e4 b6 18. Nc3 Ba6 19. Nb5 Rac8 20. Qb3 Bxb5 21. Qxb5 Qxb5 22. axb5 1-0

[Event "Landesliga U20 Nord 1415"]
[Site "Bayern"]
[Date "2015.01.24"]
[Round "5.1"]
[White "Kling, Maximilian"]
[Black "Schulz, Lukas"]
[Result "0-1"]
[WhiteElo "1768"]
[BlackElo "2158"]
[PlyCount "52"]
[EventDate "2014.11.15"]
[EventType "team-tourn"]
[EventRounds "7"]
[EventCountry "GER"]
[SourceTitle "EXT 2022"]
[Source "ChessBase"]
[SourceDate "2021.10.06"]
[SourceVersion "1"]
[SourceVersionDate "2021.10.06"]
[SourceQuality "1"]
[WhiteTeam "Kriegshaber SK U20"]
[BlackTeam "Hoechstadt SC U20"]
[WhiteTeamCountry "GER"]
[BlackTeamCountry "GER"]

1. e4 d5 2. exd5 Nf6 3. Nf3 Nxd5 4. d4 Nc6 5. c4 Nb6 6. d5 Nb4 7. a3 Na6 8. Nd4 c5 9. dxc6 bxc6 10. Nxc6 Qc7 11. Nd4 Bb7 12. Be3 e5 13. Nb5 Qc6 14. b4 Nxc4 15. Nxa7 Nxe3 16. Nxc6 Nxd1 17. Na5 0-0-0 18. Nd2 Nb2 19. Rc1+ Nc7 20. b5 Bxa3 21. Rc2 Kb8 22. b6 Ne6 23. Nac4 Nxc4 24. Nxc4 Bb4+ 25. Ke2 Nf4+ 26. Ke3 Bc5# 0-1

[Event "Landesliga U20 Nord 1415"]
[Site "Bayern"]
[Date "2014.12.13"]
[Round "3.1"]
[White "Lutter, Maximilian"]
[Black "Kling, Maximilian"]
[Result "1-0"]
[WhiteElo "1910"]
[BlackElo "1768"]
[PlyCount "93"]
[EventDate "2014.11.15"]
[EventType "team-tourn"]
[EventRounds "7"]
[EventCountry "GER"]
[SourceTitle "EXT 2022"]
[Source "ChessBase"]
[SourceDate "2021.10.06"]
[SourceVersion "1"]
[SourceVersionDate "2021.10.06"]
[SourceQuality "1"]
[WhiteTeam "Neumarkt U20"]
[BlackTeam "Kriegshaber SK U20"]
[WhiteTeamCountry "GER"]
[BlackTeamCountry "GER"]

1. d4 Nf6 2. c4 g6 3. Nc3 d5 4. cxd5 Nxd5 5. e4 Nxc3 6. bxc3 Bg7 7. Qa4+ c6 8. Nf3 0-0 9. Qa3 Qc7 10. Be3 Bg4 11. Be2 c5 12. 0-0 Rd8 13. Rac1 Nd7 14. h3 Bxf3 15. Bxf3 b6 16. e5 Rac8 17. Bg4 h5 18. Be2 Nb8 19. f4 e6 20. g4 hxg4 21. hxg4 cxd4 22. cxd4 Qd7 23. Bf3 Nc6 24. Qa4 Ne7 25. Qxd7 Rxd7 26. Rxc8+ Nxc8 27. Rc1 Ne7 28. Kf2 Bf8 29. Be4 Nd5 30. Rc8 Rc7 31. Ra8 Nxe3 32. Kxe3 Rc3+ 33. Kd2 Ra3 34. f5 Rxa2+ 35. Kd3 Ra3+ 36. Ke2 Kg7 37. f6+ Kg8 38. Kf2 b5 39. d5 exd5 40. Bxd5 Ra6 41. Ke3 b4 42. Kf4 Rb6 43. Rxa7 b3 44. Bxf7+ Kh8 45. Bxg6 b2 46. Rh7+ Kg8 47. f7# 1-0